The house of Saud / (Record no. 69332)
[ view plain ]
| 000 -LEADER | |
|---|---|
| fixed length control field | 00974cam a2200337 i 4500 |
| 001 - CONTROL NUMBER | |
| control field | 114190 |
| 003 - CONTROL NUMBER IDENTIFIER | |
| control field | NUST - PNEC |
| 005 - DATE AND TIME OF LATEST TRANSACTION | |
| control field | 20170116181116.0 |
| 008 - FIXED-LENGTH DATA ELEMENTS--GENERAL INFORMATION | |
| fixed length control field | 820204s1981 enkabfj b 001 0deng d |
| 020 ## - INTERNATIONAL STANDARD BOOK NUMBER | |
| International Standard Book Number | 0283984368 |
| 035 ## - SYSTEM CONTROL NUMBER | |
| System control number | (OCoLC)7985558 |
| 035 ## - SYSTEM CONTROL NUMBER | |
| System control number | (OCoLC)ocm07985558 |
| 035 ## - SYSTEM CONTROL NUMBER | |
| System control number | (CStRLIN)NYCG82-B5688 |
| 035 ## - SYSTEM CONTROL NUMBER | |
| System control number | (NNC)114190 |
| 040 ## - CATALOGING SOURCE | |
| Original cataloging agency | CtY |
| Transcribing agency | LIBRARY |
| Modifying agency | CtY |
| -- | NNC |
| 043 ## - GEOGRAPHIC AREA CODE | |
| Geographic area code | a-su--- |
| 082 ## - DEWEY DECIMAL CLASSIFICATION NUMBER | |
| Classification number | 956 HOL |
| 090 ## - LOCALLY ASSIGNED LC-TYPE CALL NUMBER (OCLC); LOCAL CALL NUMBER (RLIN) | |
| Classification number (OCLC) (R) ; Classification number, CALL (RLIN) (NR) | DS244.52 |
| Local cutter number (OCLC) ; Book number/undivided call number, CALL (RLIN) | .H64 |
| 100 1# - MAIN ENTRY--PERSONAL NAME | |
| Personal name | Holden, David. |
| 245 14 - TITLE STATEMENT | |
| Title | The house of Saud / |
| Statement of responsibility, etc. | David Holden, Richard Johns. |
| 260 ## - PUBLICATION, DISTRIBUTION, ETC. | |
| Place of publication, distribution, etc. | London : |
| Name of publisher, distributor, etc. | Sidgwick & Jackson, |
| Date of publication, distribution, etc. | 1981. |
| 300 ## - PHYSICAL DESCRIPTION | |
| Extent | xiv, 569 p., [16] p. of plates : |
| Other physical details | ill., geneal. tables, maps ; |
| Dimensions | 25 cm. |
| 500 ## - GENERAL NOTE | |
| General note | Includes index. |
| 504 ## - BIBLIOGRAPHY, ETC. NOTE | |
| Bibliography, etc. note | Bibliography: p. [539]-541. |
| 600 30 - SUBJECT ADDED ENTRY--PERSONAL NAME | |
| Personal name | Saud family. |
| 650 ## - SUBJECT ADDED ENTRY--TOPICAL TERM | |
| 9 (RLIN) | 13217 |
| Topical term or geographic name entry element | Saudia Arabia |
| General subdivision | General books |
| 651 #0 - SUBJECT ADDED ENTRY--GEOGRAPHIC NAME | |
| Geographic name | Saudi Arabia |
| General subdivision | History. |
| 700 1# - ADDED ENTRY--PERSONAL NAME | |
| Personal name | Johns, Richard, |
| Relator term | author. |
| 942 ## - ADDED ENTRY ELEMENTS (KOHA) | |
| Source of classification or shelving scheme | |
| Koha item type | Book |
| Withdrawn status | Lost status | Source of classification or shelving scheme | Damaged status | Not for loan | Permanent Location | Current Location | Shelving location | Date acquired | Total Checkouts | Full call number | Barcode | Date last seen | Price effective from | Koha item type |
|---|---|---|---|---|---|---|---|---|---|---|---|---|---|---|
| Pakistan Navy Engineering College (PNEC) | Pakistan Navy Engineering College (PNEC) | 956 HOL | PNECLIB-0091625 | 10/04/2015 | Book |
